Statistics for Africa: Capitals and Countries (Expert)

Click here to take the quiz!

General Stats

  • This quiz has been taken 242 times
  • The average score is 89 of 111

Answers on the Map

Answers color-coded by a green-red scale on the quiz's map according to % correct below.
 

Answer Stats

Answer% Correct
Cairo
94%
Rabat
94%
Tunis
94%
Algeria
92%
Chad
92%
Egypt
92%
Tripoli
92%
Algiers
90%
Benin
90%
Central African Republic
90%
Djibouti
90%
Mali
90%
Niger
90%
Nigeria
90%
South Sudan
90%
Sudan
90%
Togo
90%
Cape Town
88%
Eritrea
88%
Libya
88%
Morocco
88%
Somalia
88%
South Africa
88%
Tunisia
88%
Angola
86%
Botswana
86%
Ethiopia
86%
Ghana
86%
Guinea
86%
Kenya
86%
Khartoum
86%
Liberia
86%
Madagascar
86%
Malawi
86%
Mauritania
86%
Mogadishu
86%
Nairobi
86%
Pretoria
86%
Uganda
86%
Burkina Faso
84%
Cameroon
84%
Eswatini
84%
Gabon
84%
Gambia
84%
Ivory Coast
84%
Juba
84%
Kampala
84%
Luanda
84%
Rwanda
84%
Sierra Leone
84%
Tanzania
84%
Zambia
84%
Zimbabwe
84%
Addis Ababa
82%
Cape Verde
82%
Comoros
82%
Dakar
82%
Equatorial Guinea
82%
Guinea-Bissau
82%
Kinshasa
82%
Lesotho
82%
Namibia
82%
Senegal
82%
Abuja
80%
Bissau
80%
Freetown
80%
Harare
80%
Lomé
80%
Mozambique
80%
São Tomé
80%
Seychelles
80%
Windhoek
80%
Accra
78%
Antananarivo
78%
Brazzaville
78%
Burundi
78%
N'Djamena
78%
Victoria
78%
Democratic Republic of the Congo
76%
Libreville
76%
Lusaka
76%
Maputo
76%
Niamey
76%
Asmara
75%
Kigali
75%
Lilongwe
75%
Mauritius
75%
Monrovia
75%
Porto-Novo
75%
Bangui
73%
Dodoma
73%
Gaborone
73%
Moroni
71%
Port Louis
71%
Conakry
69%
Gitega
69%
Mbabane
69%
Praia
69%
Bamako
67%
Banjul
67%
Maseru
67%
Bloemfontein
63%
Malabo
63%
Nouakchott
63%
Ouagadougou
61%
Republic of the Congo
61%
São Tomé and Principe
61%
Yaoundé
59%
Yamoussoukro
57%
Cotonou
47%

Score Distribution

Percentile by Number Answered

Percent of People with Each Score

Your Score History

You have not taken this quiz